00789nam a2200193 a 450000100100000000500170001000800410002702000180006804000250008608200150011110000370012624500610016326000390022430000200026350000630028395201130034695201190045999900170057800004463820201002045522.0141210s2013 dr 000 p spa d z9789945484021 aDO-SdBNPbspacBNPHU axxxxbxxxx1 aJean-Baptiste, Marckenson96574610aSobresaturado :b(poesía) /cMarckenson Jean Baptiste. aSanto Domingo :bMontaño,c2013. a53 p. ;c22 cm. aIncluye datos biográficos del autor en la contracubierta 0010718PDaPDbPDcCTd2014-12-10iLF1l0oxxxx xxxxp44638-10r2020-06-25w2020-06-25yLFPDZNo se presta 0010718PDaPDbPDcCTd2014-12-10iLF1l0oxxxx xxxxp44638-20r2020-06-25te. 2w2020-06-25yLFPDZNo se presta c44127d44127